000 00405nmm a2200145Ia 4500
008 251105s9999||||xx |||||||||||||||||und||
041 _aspa
100 _aArenas Romero, Idelfonso
245 0 _aÁlava en Waterloo
264 _a[Madrid, España] :
_bEdhasa,
_c2012
300 _a1216 páginas
650 _aHistorical fiction
856 _uhttps://public.digitaliapublishing.com/a/30888
942 _cCF
999 _c104614
_d104614